Statistics for CSGO Top 20 Players 2013-2023

Click here to take the quiz!

General Stats

  • This quiz has been taken 256 times
    (163 since last reset)
  • The average score is 50 of 86

Answer Stats

Answer% Correct
s1mple
97%
ZywOo
92%
NiKo
89%
coldzera
86%
ropz
83%
dev1ce
81%
FalleN
81%
olofmeister
81%
dupreeh
78%
electroNic
78%
flusha
78%
GeT_RiGhT
78%
GuardiaN
78%
m0NESY
78%
JW
75%
kennyS
75%
Magisk
75%
pashaBiceps
75%
rain
75%
snax
75%
apEX
72%
b1t
72%
huNter
72%
sh1ro
69%
stavn
69%
broky
67%
NEO
67%
Twistzz
67%
blameF
64%
cadiaN
64%
HObbit
64%
jabbi
64%
ScreaM
64%
Spinx
64%
Xyp9x
64%
EliGE
61%
gla1ve
61%
SunPayus
61%
Ax1Le
58%
byali
58%
f0rest
58%
fer
58%
frozen
58%
NAF
58%
NertZ
58%
shox
58%
Happy
56%
jks
56%
KRIMZ
56%
NBK
56%
allu
53%
friberg
53%
k0nfig
53%
KSCERATO
53%
YEKINDAR
53%
autimatic
50%
Brollan
50%
Jame
50%
Kjaerbye
50%
Skadoodle
50%
Brehze
47%
Dosia
47%
flamie
47%
kioShiMa
47%
AdreN
44%
ceRq
44%
Ethan
44%
fnx
44%
yuurih
44%
Edward
42%
HEN1
42%
Hiko
42%
oskar
42%
SmithZz
42%
boltz
39%
dennis
39%
sergej
39%
suNny
39%
woxic
39%
Xizt
39%
markeloff
36%
syrsoN
36%
swag
31%
valde
31%
cajunb
28%
Nico
22%

Score Distribution

Percentile by Number Answered

Percent of People with Each Score

Your Score History

You have not taken this quiz since the last reset